Process-based organizations: maturity management coming from selected aspects of its consistency

Výsledky empirickej štúdie zameranej na konzistenciu procesne orientovaného systému riadenia.

Salvato in:
Dettagli Bibliografici
Autore principale: Závadský, Ján
Altri autori: Veselovská, Lenka, Hudáková, Lucia, Závadská, Zuzana
Natura: Capitolo di libro
Lingua:inglese
Soggetti:
Tags: Aggiungi Tag
Nessun Tag, puoi essere il primo ad aggiungerne!!

MARC

LEADER 00000naa a2200000 4500
001 0201935
005 20231204132314.8
041 0 |a eng 
044 |a SK 
245 1 0 |a Process-based organizations: maturity management coming from selected aspects of its consistency  |c Ján Závadský, Lenka Veselovská, Lucia Hudáková, Zuzana Závadská 
520 |a Výsledky empirickej štúdie zameranej na konzistenciu procesne orientovaného systému riadenia. 
610 2 0 |a riadenie procesné 
610 2 0 |a systémy riadenia 
610 2 0 |a manažment strategický 
610 2 0 |a ukazovatele výkonnosti 
100 1 |a Závadský, Ján 
700 1 |a Veselovská, Lenka 
700 1 |a Hudáková, Lucia 
700 1 |a Závadská, Zuzana